Countries that use the Rupee - Statistics

General Stats
  • This quiz has been taken 43 times
  • The average score is 5 of 6
Answer Stats
Country % Correct
India
100%
Pakistan
100%
Nepal
95%
Sri Lanka
92%
Mauritius
59%
Seychelles
43%
No matching quizzes found
Score Distribution
Percent of People with Each Score
Percentile by Number Answered
Your Score History
You have not taken this quiz